Una fotografía de la pobreza desde la investigación social = A photography of poverty from social research /

Đã lưu trong:
Chi tiết về thư mục
Tác giả chính: Araya Umaña, Sandra
Tác giả khác: Vásquez Sáenz, Andrea
Định dạng: Texto
Các nhãn: Thêm thẻ
Không có thẻ, Là người đầu tiên thẻ bản ghi này!

MARC

LEADER 00000 a a2200000 04500
001 48574
003
040
100 |a Araya Umaña, Sandra  
245 |a Una fotografía de la pobreza desde la investigación social =   |b A photography of poverty from social research /  |c Sandra Araya Umaña, Andrea Vásquez Sáenz  
700 |a Vásquez Sáenz, Andrea  
773 |g número147, (2015), páginas 101-115  
999 |c 29292  |d 29292 
773 0 |0 18728  |9 1627  |a Universidad de Costa Rica  |d San José, Costa Rica Editorial UCR 1956-  |o 18143  |t Revista de Ciencias Sociales/  |x 04825276